000 00470nam a22001457a 4500
082 _a621.39
100 _aKhan, Rukham Mumtaz
245 _aMacula Swelling Detection using Retinal Funds Images /
_cRukham Mumtaz Khan
260 _aIslamabad :
_bCEME - NUST,
_c2014.
300 _a81 p. ;
_c30cm.
650 _aComputer Engineering-MS-Thesis
_916083
700 _aDr. Shoab Ahmad Khan
_916279
942 _2ddc
_cTHE
999 _c536982
_d536982